| 000 | 00723nam a22002057a 4500 | ||
|---|---|---|---|
| 999 |
_c20399 _d20399 |
||
| 003 | AR-CdUCM | ||
| 008 | 190529b ||||| |||| 00| 0 spa d | ||
| 040 |
_aMUNICIPALIDAD PROVINCIAL DEL CUSCO _cBIBLIOTECA MUNICIPAL DEL CUSCO |
||
| 082 |
_24ed. _a985.009 / _bG79 |
||
| 100 |
_aArosemena Garland, Geraldo _94979 |
||
| 245 | _aEl almirante Miguel Grau / | ||
| 260 |
_aLima : _bMinisterio de educación pública, _c1962. |
||
| 300 |
_a188 páginas ; _bFotos a b/n, _c25 cm. |
||
| 505 | _aContenido : Nacimiento -- Guardiamarina -- Alférez de fragata... | ||
| 650 |
_aBiografía de Miguel Grau _942664 |
||
| 650 |
_aArmada del Perú _942665 |
||
| 650 |
_aLa guerra con Chile _918550 |
||
| 942 |
_2ddc _cLIBROS |
||
| 945 | _aandy | ||